000 00487nam a22001937a 4500
003 MPLRDC
005 20220104124703.0
008 210129b ||||| |||| 00| 0 eng d
020 _a962-04-094-4
082 _a690.33 HYJ
100 _a黄毅坚等编著
245 _a全新广东海南游
_c
250 _a一版一刷
260 _a
_b南粤出版社
_c1991
300 _b
490 _a漫游中华大地丛书
650 _a中国游记--广东
942 _cBK
_o690.33 HYJ
999 _c21342
_d21332